| 000 | 00372nam a22001697a 4500 | ||
|---|---|---|---|
| 005 | 20230905185020.0 | ||
| 008 | 230717b |||||||| |||| 00| 0 eng d | ||
| 082 |
_a759.81 _bEDV-M |
||
| 100 | _aMunch,Edvard | ||
| 245 | _aMunch | ||
| 260 |
_bTATE _c2014 |
||
| 300 | _a79 | ||
| 500 | _aINCLUIDE INDEX | ||
| 650 | _2Architecture | ||
| 700 | _aEdvard Munch | ||
| 999 |
_c26009 _d26009 |
||